Audel HVAC fundamentals volume 2 (Record no. 103393)
[ view plain ]
| 000 -LEADER | |
|---|---|
| fixed length control field | 01411cam a2200265 4500 |
| 008 - FIXED-LENGTH DATA ELEMENTS--GENERAL INFORMATION | |
| fixed length control field | 040317n2004 000 0 eng u |
| 020 ## - INTERNATIONAL STANDARD BOOK NUMBER | |
| International Standard Book Number | 0764542079 |
| 035 ## - SYSTEM CONTROL NUMBER | |
| System control number | (Sirsi) u125457 |
| 041 ## - LANGUAGE CODE | |
| Language code of text/sound track or separate title | eng |
| 050 ## - LIBRARY OF CONGRESS CALL NUMBER | |
| Classification number | 697 |
| -- | 18 |
| 100 ## - MAIN ENTRY--PERSONAL NAME | |
| Personal name | Brumbaugh, James |
| 245 ## - TITLE STATEMENT | |
| Title | Audel HVAC fundamentals volume 2 |
| Remainder of title | heating system components, gas and oil burners, and automatic controls |
| 250 ## - EDITION STATEMENT | |
| Edition statement | 4th ed. |
| 260 ## - PUBLICATION, DISTRIBUTION, ETC. | |
| Place of publication, distribution, etc. | Indianapolis |
| -- | Indiana |
| Name of publisher, distributor, etc. | Wiley |
| Date of publication, distribution, etc. | 2004 |
| 300 ## - PHYSICAL DESCRIPTION | |
| Extent | xvi, 655p. |
| Other physical details | ill. |
| Dimensions | 21cm. |
| 350 ## - PRICE (NR) (BK AM CF MU VM SE) [OBSOLETE] | |
| Price | 17.50 |
| 490 ## - SERIES STATEMENT | |
| Series statement | Audel HVAC Library |
| 520 ## - SUMMARY, ETC. | |
| Summary, etc. | Aimed at both practictioners and the layman, this American book describes the working principles of the equipment and components used in residential and light-commercial Heating, Ventilating and Air Conditioning (HVAC) systems. Provides chapters on: oil burners; gas burners; coal firing methods; thermostats and humidistats; gas and oil controls; other automatic controls; ducts and duct systems; pipes, pipe fittings and piping details; valves and valve installation; and steam and hydronic line controls. Appendices include professional and trade organisations, manufacturers, data tables and conversion tables. Volume one is available to borrow separately (ISBN 07645420650). |
| 650 ## - SUBJECT ADDED ENTRY--TOPICAL TERM | |
| Topical term or geographic name entry element | BOILERS |
| 650 ## - SUBJECT ADDED ENTRY--TOPICAL TERM | |
| Topical term or geographic name entry element | HEATING SYSTEMS |
| 650 ## - SUBJECT ADDED ENTRY--TOPICAL TERM | |
| Topical term or geographic name entry element | HVAC ENGINEERING |
| 650 ## - SUBJECT ADDED ENTRY--TOPICAL TERM | |
| Topical term or geographic name entry element | UNITED STATES |
| 690 ## - LOCAL SUBJECT ADDED ENTRY--TOPICAL TERM (OCLC, RLIN) | |
| Topical term or geographic name as entry element | Block management |
| 9 (RLIN) | 6220 |
| 942 ## - ADDED ENTRY ELEMENTS (KOHA) | |
| Suppress in OPAC | 0 |
| Withdrawn status | Lost status | Source of classification or shelving scheme | Damaged status | Not for loan | Home library | Current library | Shelving location | Date acquired | Cost, normal purchase price | Total Checkouts | Full call number | Barcode | Date last seen | Copy number | Cost, replacement price | Price effective from | Koha item type |
|---|---|---|---|---|---|---|---|---|---|---|---|---|---|---|---|---|---|
| Dewey Decimal Classification | London | London | Books | 22/07/2004 | 17.50 | 697 BRU | 30069298 | 06/08/2019 | 1 | 17.50 | 06/08/2019 | Book |